Quizzes
Events
Quiz Creation
Community
Videos
Private Events
Remove Ads
Sign In
Join for FREE
Feedback
Dark Mode
Quiz Categories
Sports
Geography
Music
Movies
Television
Just For Fun
Miscellaneous
History
Literature
Language
Science
Gaming
Entertainment
Religion
Holiday
For Kids
Quiz Lab
Recent
Popular Today
Quiz Kudos Today
Editor Picks
Curator Picks
Quizzes by...
Day
Popularity
Type
Ratings
Length
Year
Community
Subscriptions
Recent Discussions
Orange Saloon
Badges
Playlists
Quests
Create
Leaderboards
Showdown
Live 5
Trivia Bingo
Activity
Puzzle Library
Sporcle Events
Private Events
Virtual Trivia
Globe League
Become a Host
Pub Owners
SporcleCon
Opinionation
Our Games
Videos
Blog
Mobile Apps
Partnerships
Remove Ads and Go Orange
Feedback
Sports
Athletes
MLB
NBA
NHL
NFL
Soccer
Sports Teams
WWE
NCAA
Football
Premier League
Basketball
Baseball
Hockey
Golf
Tennis
Cricket
Rugby
Auto Racing
Olympics
World Cup
Sports
Athletes
MLB
NBA
NHL
NFL
Soccer
Sports Teams
WWE
NCAA
Football
Premier League
Basketball
Baseball
Hockey
Golf
Tennis
Cricket
Rugby
Auto Racing
Olympics
World Cup
Random Quiz
Search Sporcle
×
Quiz Lab
Quiz Lab
Sports
Football
Type in answers that appear in a list
Type in answers that appear in a list
Classic
Best Score? Go Orange.
Notre Dame Coaches Stats
Can you name the Notre Dame football coaches?
By
rsplenda477
10m
30 Questions
474 Plays
474 Plays
474 Plays
Comments
Comments
Give Quiz Kudos
Give Quiz Kudos
-
- Ratings
hide this ad
Replay
Link that replays current quiz
Next Quiz
Link to next quiz in quiz playlist
You Got
0%
They Got
Avg Score
27%
Avg Friend Score
Upgrade to see
Score Distribution
Jump to the score distribution portion of the page
Score
0/30
Timer
10:00
0
Plays Today
Year
Coach
% Correct
2005-
Present
Charlie Weis
93.7%
1986-
1996
Lou Holtz
93.2%
1918-
1930
Knute Rockne
88.6%
2002-
2004
Tyrone Willingham
87.8%
1997-
2001
Bob Davie
78.3%
1975-
1980
Dan Devine
73.8%
1964-
1974
Ara Parseghian
68.6%
1941-
1943, 1946-
1953
Frank Leahy
58.6%
1981-
1985
Gerry Faust
49.4%
1934-
1940
Elmer Layden
19.4%
2004-
2004
Kent Baer
17.9%
1959-
1962
Joe Kuharich
16.5%
1913-
1917
Jesse Harper
15.6%
1954-
1958
Terry Brennan
14.6%
1945-
1945, 1963-
1963
Hugh Devore
14.1%
Year
Coach
% Correct
1931-
1933
Heartley 'Hunk' Anderson
9.7%
1887-
1893
No Coach
5.3%
1944-
1944
Ed McKeever
4.6%
1904-
1904
Louis 'Red' Salmon
3.6%
1911-
1912
John 'Jack' Marks
3.4%
1900-
1901
Pat O'Dea
3%
1909-
1910
Frank 'Shorty' Longman
3%
1894-
1894
James L. Morison
2.5%
1895-
1895
H. G. Hadden
2.3%
1896-
1898
Frank E. Hering
1.9%
1902-
1903
James F. Faragher
1.9%
1906-
1907
Thomas A. Barry
1.9%
1908-
1908
Victor M. Place
1.9%
1899-
1899
James McWeeney
1.7%
1905-
1905
Henry J. McGlew
1.3%
Quiz Playlist
Details
Report
Send in Message
Add To Playlist
Classic:
Type in answers that appear in a list
Last Updated: Feb 16, 2017
Quiz Scoreboard
CHALLENGE
Sign Up to Join the Scoreboard
Show All
Scores
Hide
Comments
May contain spoilers
Recently Published
An Introduction to Baseball
by treessimontrees
Sports
5m
Movies - When Are They Set?
by FPL_Elf
Movies
5m
Popular People in 1961
by mucciniale
History
6m
More to Explore
Quiz From the Vault
Featured Blog Post
Where Did the Easter Bunny Come From?
hide this ad
You Might Also Like...
Tags
Football Quiz
coach
dame
Notre Dame
record
Today's Top Quizzes in Sports
Browse Sports
hide this ad
Today's Top Quizzes in Football
Browse Football
Top Contributed Quizzes in Sports
1
Les meilleurs buteurs des matchs entre le PSG et l’OM
2
2022 World Cup Stars
3
FIFA Club World Cup Champions
4
Les entraîneurs de l'OM et du PSG au 21e siècle
5
Name the Premier League winners with different clubs
6
La finale Lions - Afrique du Sud 2021
7
England Test cricketers to play under Nasser Hussain
8
5-to-1: UK Sports Teams
9
Les joueurs passés par le LOSC et le RC Lens
10
Criteria MLB: Left Handed Sluggers
Explore More
Trending Topics
Anime
Crossword
Marvel
Disney
Kpop
NBA
Harry Potter
Pokémon
Song
NFL
Soccer
Puzzle
The Office
Country
WWE
hide this ad
More By:
rsplenda477
Quiz
Plays
Rating
Category
Featured
Created
100 Greatest Actors
18,084
4.02
Movies
Nov 2, 2009
Greatest Football Programs
6,867
2.32
Sports
Oct 27, 2009
100 Greatest Directors
5,310
4.00
Movies
Dec 6, 2009
Greatest Rock Bands
3,796
3.44
Music
Oct 27, 2009
100 Greatest Actresses
3,339
4.00
Movies
Dec 1, 2009
Go to Creator's Profile
Score Distribution
Quiz Creator Spotlight
rsplenda477
Follow
Send a Message
Quizzes Created
-
Created Quiz Play Count
-
More By This Creator
Popular Quizzes Today
1
Find the Countries of Europe - No Outlines Minefield
2
Find the US States - No Outlines Minefield
3
The Countries of the World
4
Popular People in 1961
5
Find the US States
6
US States
7
1-10 Letter E Words III
8
Risky Map Clicking: Biggest States A-Z
More Sports Quizzes
Kaká's Cup Final XI's
Quiz Lab
Trending Quizzes
Risky Map Clicking: Least Populous States A-Z
1-10 Letter F Words
1-10 Letter G Words
One Thing in Common: United Kingdom
Risky Map Clicking: Next State Alphabetically
Recently Updated
Leaping Animals
pecheneg
Reality TV Shows (A-Z)
bhenderson79
Rickey Henderson's Hall of Fame Teammates
pecheneg
Champions League XIs: Arsenal
pecheneg
Quick Pick: Celebrities in WWE's Hall of Fame
aduchscher
A-Z Keypad Blitz II
pecheneg
Multiple Oscar Actors
pecheneg
Mystery Phrase Blitz: Oscar 'Best Actors'
pecheneg
F. Scott Fitzgerald Novels
LTH
Pick 3 Villains
ddd62291
Trending Topics
Anime
Crossword
Harry Potter
NBA
Kpop
Marvel
Disney
WWE
The Office
Soccer
Pokémon
Song
NFL
Country
Puzzle
Your Account Isn't Verified!
In order to create a playlist on Sporcle, you need to verify the email address you used during registration. Go to your
Sporcle Settings
to finish the process.
Report this User
Report this user for behavior that violates our
Community Guidelines
.
Details:
Send Report
Go to the Sporcle.com Mobile Site →
Comments